Offsite rules (Record no. 77097)

MARC details
000 -LEADER
fixed length control field 00711cab a2200181 4500
001 - CONTROL NUMBER
control field ##L133591
008 - FIXED-LENGTH DATA ELEMENTS--GENERAL INFORMATION
fixed length control field 060522n2006 000 0 eng u
035 ## - SYSTEM CONTROL NUMBER
System control number (Sirsi) u133591
041 0# - LANGUAGE CODE
Language code of text/sound track or separate title eng
100 1# - MAIN ENTRY--PERSONAL NAME
Personal name Mann, Will
245 00 - TITLE STATEMENT
Title Offsite rules
260 ## - PUBLICATION, DISTRIBUTION, ETC.
Date of publication, distribution, etc. 2006
490 #0 - SERIES STATEMENT
Series statement Contract Journal
Volume/sequential designation 433(6575) 17 May 2006, 54(1)
520 ## - SUMMARY, ETC.
Summary, etc. New research commissioned by modular specialist Yorkon has confirmed that offsite construction is considerably safer than traditional construction, largely because, by its very nature, it removes the conditions for the most common types of accidents, such as trips and falls from height.
590 ## - LOCAL NOTE (RLIN)
Local note IKA230506
690 ## - LOCAL SUBJECT ADDED ENTRY--TOPICAL TERM (OCLC, RLIN)
Topical term or geographic name as entry element Health and safety
9 (RLIN) 6244
942 ## - ADDED ENTRY ELEMENTS (KOHA)
Suppress in OPAC 0
Holdings
Withdrawn status Lost status Source of classification or shelving scheme Damaged status Not for loan Home library Current library Shelving location Date acquired Total Checkouts Full call number Barcode Date last seen Copy number Price effective from Koha item type
    Dewey Decimal Classification     London London Journal article 22/05/2006   L133591 133591-1001 06/08/2019 1 06/08/2019 Journal article